Statistics for Countries and World Capitals Starting With L

Click here to take the quiz!

General Stats

  • This quiz has been taken 238 times
  • The average score is 16 of 20

Answer Stats

country/capital% Correct
Lithuania
96%
Latvia
95%
Luxembourg
92%
Luxembourg
92%
Liberia
88%
London
88%
Liechtenstein
87%
Libya
85%
Lima
85%
Luanda
85%
Lebanon
83%
Laos
81%
Lesotho
81%
Lusaka
81%
Lisbon
79%
Lilongwe
78%
Lomé
78%
Libreville
68%
Ljubljana
62%
La Paz
58%

Score Distribution

Percentile by Number Answered

Percent of People with Each Score

Your Score History

You have not taken this quiz